War anb the works of J.R.R. Tolkien

Αποθηκεύτηκε σε:
Λεπτομέρειες βιβλιογραφικής εγγραφής
Κύριος συγγραφέας: Croft, Janet Brennan
Μορφή: Βιβλίο
Γλώσσα:English
Δημοσίευση: Connecticut ; London : Praeger, [2004]
Σειρά:Contributions to the study of science fiction and fantasy ; ; 106
Θέματα:
Ετικέτες: Προσθήκη ετικέτας
Δεν υπάρχουν, Καταχωρήστε ετικέτα πρώτοι!

MARC

LEADER 00000nam a2200000 i 4500
001 1/58879
008 071016s2004 eng d
020 |a 0-313-32592-8 (hbk.) 
022 |a 01936875 
035 |l 10091563 
040 |a GR-MY-UA  |b gre  |e aacr 
041 0 |a eng 
082 0 |a 828.91209  |2 (22) 
100 1 |a Croft, Janet Brennan. 
245 1 0 |a War anb the works of J.R.R. Tolkien /  |c Janet Brennan Croft 
260 |a Connecticut ; London :   |b Praeger,   |c [2004] 
300 |a [xi], 175 σ.;  |c 24 εκ. 
490 1 |a Contributions to the study of science fiction and fantasy  |v ; 106 
504 |a Βιβλιογραφία: σ. [159]-167. Ευρετήριο 
600 1 0 |a Tolkien J. R. R.  |c (John Ronald Reuel)  |d 1892-1973  |x Criticism and interpretation. 
600 1 0 |a Tolkien J. R. R.  |c (John Ronald Reuel)  |d 1892-1973  |x Knowledge  |x History. 
650 0 0 |a Literature and history  |z Great Britain  |x History  |y 20th century. 
650 0 0 |a Fantasy literature, English  |x History and criticism. 
650 0 0 |a Middle Earth (Imaginary place) 
650 0 0 |a War in literature. 
830 0 |a Contributions to the study of science fiction and fantasy ;  |v ; 106 
852 |a INST  |b RHODES  |e 20071016  |h 828.91209 CRO  |p 005400025419  |q 005400025419  |t BK  |y 0 
901 |a BIBL4-2007-3 
909 |a Ρ  |b 139561 
922 |a 4ΕΛΗ  |b 200709  |c ΕΠΕΑΕΚ2/ΠΤΔΕ  |d ΠΑΠΑΣΩΤΗΡΙΟΥ 
970 |a ΧΑΡΙΟΠΟΛΙΤΟΥ  |b ΚΩΝΣΤΑΝΤΙΝΑ  |z 2007/10/16